| 000 | 00450nam a2200169 a 4500 | ||
|---|---|---|---|
| 001 | 0000-9318 | ||
| 003 | ELIB.Books | ||
| 008 | 110520 1989 | ||
| 035 | _a(ELIB.Books)0000-9470 | ||
| 082 |
_a248.4 _bMal |
||
| 100 | _aMalony H. Newton | ||
| 245 | _aWhen Getting Along Seems Impossible | ||
| 260 |
_bOld Tappan: Fleming H. Revell Company _c1989 |
||
| 650 | _aChristian Life | ||
| 942 |
_2ddc _cBK |
||
| 998 |
_cbat _e2011-05-20 |
||
| 999 |
_c9318 _d9318 |
||